<?xml version="1.0" encoding="UTF-8"?>
<collection xmlns="http://www.loc.gov/MARC21/slim">
 <record>
  <leader>00853nam a22002171  4500</leader>
  <controlfield tag="001">1/11747</controlfield>
  <controlfield tag="008">971126s1990    enk      f    001 0 eng d</controlfield>
  <datafield tag="020" ind1=" " ind2=" ">
   <subfield code="a">0444880755</subfield>
  </datafield>
  <datafield tag="035" ind1=" " ind2=" ">
   <subfield code="l">12110</subfield>
  </datafield>
  <datafield tag="040" ind1=" " ind2=" ">
   <subfield code="a">DLC</subfield>
   <subfield code="b">GR-PeUP</subfield>
  </datafield>
  <datafield tag="082" ind1="0" ind2="0">
   <subfield code="a">004 HA.</subfield>
  </datafield>
  <datafield tag="245" ind1="1" ind2="0">
   <subfield code="a">Handbook of theoritical computer science /</subfield>
   <subfield code="c">edited by Jan Van Leeuwen.</subfield>
  </datafield>
  <datafield tag="260" ind1=" " ind2=" ">
   <subfield code="a">Amsterdam:</subfield>
   <subfield code="b">Elsevier,</subfield>
   <subfield code="c">1990.</subfield>
  </datafield>
  <datafield tag="300" ind1=" " ind2=" ">
   <subfield code="a">v.A.996 p., v.B.1272 p.;</subfield>
   <subfield code="c">28 cm.</subfield>
  </datafield>
  <datafield tag="500" ind1=" " ind2=" ">
   <subfield code="a">Contents: v.A. Algorithms and complexity - v.B. Formal models andsemantics.</subfield>
  </datafield>
  <datafield tag="504" ind1=" " ind2=" ">
   <subfield code="a">Includes bibliographical regerences &amp; index.</subfield>
  </datafield>
  <datafield tag="650" ind1=" " ind2="4">
   <subfield code="a">Computer science.</subfield>
  </datafield>
  <datafield tag="700" ind1="1" ind2=" ">
   <subfield code="a">Leeuwen, Van J.</subfield>
  </datafield>
  <datafield tag="852" ind1=" " ind2=" ">
   <subfield code="a">INST</subfield>
   <subfield code="b">UNIPILB</subfield>
   <subfield code="c">MAIN</subfield>
   <subfield code="e">20040709</subfield>
   <subfield code="h">004 HA.</subfield>
   <subfield code="p">00127290</subfield>
   <subfield code="q">00127290</subfield>
   <subfield code="t">LOAN</subfield>
   <subfield code="v">v.1:</subfield>
   <subfield code="y">0</subfield>
   <subfield code="z">v.1</subfield>
   <subfield code="4">1</subfield>
  </datafield>
  <datafield tag="852" ind1=" " ind2=" ">
   <subfield code="a">INST</subfield>
   <subfield code="b">UNIPILB</subfield>
   <subfield code="c">MAIN</subfield>
   <subfield code="e">20040709</subfield>
   <subfield code="h">004 HA.</subfield>
   <subfield code="p">00127291</subfield>
   <subfield code="q">00127291</subfield>
   <subfield code="t">LOAN</subfield>
   <subfield code="v">v.2:</subfield>
   <subfield code="y">0</subfield>
   <subfield code="z">v.2</subfield>
   <subfield code="4">2</subfield>
  </datafield>
  <datafield tag="856" ind1="4" ind2=" ">
   <subfield code="d">/webopac/covers/01/12110_0444880755.jpg</subfield>
  </datafield>
 </record>
</collection>
